At a glance (Record no. 110176)
[ view plain ]
| 000 -LEADER | |
|---|---|
| fixed length control field | 00983cad a22002415a 4500 |
| 001 - CONTROL NUMBER | |
| control field | E148708 |
| 008 - FIXED-LENGTH DATA ELEMENTS--GENERAL INFORMATION | |
| fixed length control field | 091023s2009 fr d f s 000 0 eng d |
| 035 ## - SYSTEM CONTROL NUMBER | |
| System control number | (Sirsi) u148708 |
| 041 0# - LANGUAGE CODE | |
| Language code of text/sound track or separate title | eng |
| 050 04 - LIBRARY OF CONGRESS CALL NUMBER | |
| Classification number | 333.33 $2 18 |
| 110 2# - MAIN ENTRY--CORPORATE NAME | |
| Corporate name or jurisdiction name as entry element | BNP Paribas Real Estate |
| 9 (RLIN) | 5715 |
| 245 00 - TITLE STATEMENT | |
| Title | At a glance |
| Remainder of title | European markets Q3 2009 |
| Medium | [electronic resource] |
| 260 ## - PUBLICATION, DISTRIBUTION, ETC. | |
| Place of publication, distribution, etc. | [Paris] |
| Name of publisher, distributor, etc. | BNP Paribas Real Estate |
| Date of publication, distribution, etc. | 2009 |
| 490 #0 - SERIES STATEMENT | |
| Series statement | Atisreal European Markets |
| 520 ## - SUMMARY, ETC. | |
| Summary, etc. | Reports that the European Investment Market Index rose by 2%, the first increase for seven quarters. However, the Prime Rent Index fell by 1% in Q3 2009, and the European Office Take-up Index also fell by 14%. |
| 521 ## - TARGET AUDIENCE NOTE | |
| Target audience note | Advanced |
| 590 ## - LOCAL NOTE (RLIN) | |
| Local note | KA |
| 650 24 - SUBJECT ADDED ENTRY--TOPICAL TERM | |
| Topical term or geographic name entry element | ATISREAL EUROPEAN MARKETS |
| 651 #4 - SUBJECT ADDED ENTRY--GEOGRAPHIC NAME | |
| Geographic name | Europe |
| 690 ## - LOCAL SUBJECT ADDED ENTRY--TOPICAL TERM (OCLC, RLIN) | |
| Topical term or geographic name as entry element | PROPERTY-COMMERCIAL PROPERTY-COMMERCIAL PROPERTY MARKET |
| 856 40 - ELECTRONIC LOCATION AND ACCESS | |
| Uniform Resource Identifier | <a href="https://www.realestate.bnpparibas.co.uk">https://www.realestate.bnpparibas.co.uk</a> |
| Public note | View this report free of charge at www.realestate.bnpparibas.co.uk... |
| 942 ## - ADDED ENTRY ELEMENTS (KOHA) | |
| Suppress in OPAC | 0 |
| Withdrawn status | Lost status | Source of classification or shelving scheme | Damaged status | Not for loan | Home library | Current library | Shelving location | Date acquired | Total Checkouts | Full call number | Barcode | Date last seen | Copy number | Price effective from | Koha item type |
|---|---|---|---|---|---|---|---|---|---|---|---|---|---|---|---|
| Dewey Decimal Classification | Virtual | Virtual | Online | 23/10/2009 | ONLINE PUBLICATION | 148708-2001 | 06/08/2019 | 1 | 06/08/2019 | Book |